Đang tải...

ഒരു കമ്മ്യൂണിസ്ററുകാരന്റെ സ്വപ്നങ്ങള്‍ /

Chi tiết về thư mục
Tác giả chính: പ്രകാശ്, സ്വയം
Tác giả khác: Gopalakrishnan, V. G. (Thông dịch viên), Prakash, Swayam
Định dạng: Printed Book
Ngôn ngữ:English
Được phát hành: തൃശൂര്‍ : 2016.
Phiên bản:1st ed.
LEADER 00922nam a22001937a 4500
008 190322b xxu||||| |||| 00| 0 eng d
999 |c 26073  |d 26073 
082 |a 891.433  |b SWA/GOP 
100 |a പ്രകാശ്, സ്വയം 
240 |a Oru communistkarante swapnangal  
245 |a ഒരു കമ്മ്യൂണിസ്ററുകാരന്റെ സ്വപ്നങ്ങള്‍ /  |c വിവര്‍ത്തനം വി. ജി. ഗോപാലകൃഷ്ണന്‍ 
246 |a ബീച്ച് മേം വിനയ്  |h ഹിന്ദി 
250 |a 1st ed. 
260 |a തൃശൂര്‍ :  |c 2016. 
300 |a 294p. 
700 |a Gopalakrishnan, V. G.  |e translator. 
700 |a Prakash, Swayam 
942 |2 ddc  |c BK 
952 |0 0  |1 0  |2 ddc  |4 0  |6 891_433000000000000_SWA_GOP  |7 0  |9 35707  |a MAIN  |b MAIN  |d 2019-03-22  |e Prabhath Book House  |g 220.00  |o 891.433 SWA/GOP  |p 34259  |r 2019-03-22  |t 1  |w 2019-03-22  |y BK